[Event "Lloyds Bank Masters 16th"]
[Site "London"]
[Date "1992.08.30"]
[Round "9"]
[White "Ward, Christopher G"]
[Black "Van der Sterren, Paul"]
[Result "1-0"]
[WhiteElo "2440"]
[BlackElo "2530"]
[PlyCount "55"]
[EventDate "1992.08.22"]
[EventType "swiss"]
[EventRounds "10"]
[EventCountry "ENG"]
[SourceTitle "BritBase"]
[Source "John Saunders"]
[SourceDate "2023.12.16"]
[SourceVersion "1"]
[SourceVersionDate "2023.12.16"]
[SourceQuality "1"]

1. d4 Nf6 2. c4 e6 3. Nc3 d5 4. cxd5 exd5 5. Bg5 Be7 6. e3 c6 7. Bd3 O-O 8. Qc2
Nbd7 9. Nge2 Re8 10. O-O-O Nf8 11. Kb1 Be6 12. h3 Qa5 13. f4 Rad8 14. g4 Bc8
15. Bh4 Ne4 16. Be1 Nxc3+ 17. Nxc3 Qc7 18. Bf2 a6 19. Rc1 Qa5 20. Ne2 Bd7 21.
Ng3 Bh4 22. Nh5 Bxf2 23. Qxf2 Rb8 24. f5 Rec8 25. Qf4 Qd8 26. h4 Kh8 27. Rcf1
c5 28. Nxg7 1-0

[Event "Lloyds Bank Masters 16th"]
[Site "London"]
[Date "1992.08.30"]
[Round "9"]
[White "Conlon, Joseph P"]
[Black "Thurlow, Kevin J"]
[Result "0-1"]
[WhiteElo "1920"]
[BlackElo "2095"]
[PlyCount "48"]
[EventDate "1992.08.22"]
[EventType "swiss"]
[EventRounds "10"]
[EventCountry "ENG"]
[SourceTitle "Thurlow, Kevin"]

1. e4 c5 2. d4 cxd4 3. c3 dxc3 4. Nxc3 e6 5. Nf3 Nc6 6. Bc4 Bc5 7. O-O a6 8.
Qe2 Nge7 9. Rd1 O-O 10. e5 b5 11. Ne4 Bxf2+ 12. Nxf2 bxc4 13. Qxc4 Ng6 14. Qc3
f6 15. Re1 fxe5 16. Nd3 Qf6 17. h3 Bb7 18. Nc5 Bc8 19. Nd3 Nd4 20. Nxd4 exd4
21. Qb4 a5 22. Qb3 Ba6 23. Kh1 Rab8 24. Qd1 Qf5 0-1

[Event "Lloyds Bank Masters 16th"]
[Site "London"]
[Date "1992.08.30"]
[Round "9"]
[White "Chandler, Murray G"]
[Black "Hebden, Mark L"]
[Result "1/2-1/2"]
[WhiteElo "2575"]
[BlackElo "2510"]
[PlyCount "118"]
[EventDate "1992.08.22"]
[EventType "swiss"]
[EventRounds "10"]
[EventCountry "ENG"]
[SourceTitle "ChessBase 2017"]
[Source "ChessBase"]
[SourceDate "1990.06.01"]
[SourceVersion "1"]
[SourceVersionDate "1990.06.01"]
[SourceQuality "1"]

1. e4 e5 2. Nf3 Nc6 3. Nc3 Nf6 4. Bb5 Nd4 5. Ba4 c6 6. Nxe5 d6 7. Nf3 Bg4 8. d3
Nd7 9. Be3 Nxf3+ 10. gxf3 Bh5 11. d4 Qf6 12. Rg1 Qxf3 13. Qxf3 Bxf3 14. Rg3 Bh5
15. f3 O-O-O 16. O-O-O Nb6 17. Bb3 d5 18. exd5 cxd5 19. Bf4 f6 20. Nb5 a6 21.
Bc7 axb5 22. Bxb6 Rd7 23. Bc5 Kc7 24. Bxf8 Rxf8 25. Re1 Re8 26. Rxe8 Bxe8 27.
Kd2 Kd6 28. c3 Bg6 29. Rg1 Re7 30. Bd1 Bf5 31. Be2 Kc6 32. h4 g6 33. Rg2 h6 34.
Rh2 Re6 35. a3 g5 36. Rh1 Kb6 37. Rh2 Kc6 38. hxg5 fxg5 39. Bd3 Bxd3 40. Kxd3
Kd7 41. Kc2 Ke7 42. Kb3 Kf7 43. Kb4 Kg6 44. Kxb5 Re3 45. Rf2 h5 46. c4 dxc4 47.
Kxc4 Kf5 48. d5 h4 49. d6 Ke6 50. Rd2 Kd7 51. Rd5 Rxf3 52. Rxg5 Kxd6 53. Rh5 h3
54. a4 Rf2 55. Rh6+ Kc7 56. Rh7+ Kc6 57. Rh6+ Kc7 58. Rh7+ Kc6 59. Rh6+ Kc7
1/2-1/2

[Event "Lloyds Bank Masters 16th"]
[Site "London"]
[Date "1992.08.31"]
[Round "10"]
[White "Adams, Michael"]
[Black "Ward, Christopher G"]
[Result "1/2-1/2"]
[WhiteElo "2610"]
[BlackElo "2440"]
[PlyCount "81"]
[EventDate "1992.08.22"]
[EventType "swiss"]
[EventRounds "10"]
[EventCountry "ENG"]
[SourceTitle "BritBase"]
[Source "John Saunders"]
[SourceDate "2023.12.16"]
[SourceVersion "1"]
[SourceVersionDate "2023.12.16"]
[SourceQuality "1"]

1. d4 Nf6 2. c4 e6 3. Nf3 c5 4. g3 cxd4 5. Nxd4 Qa5+ 6. Nd2 Qb6 7. N4f3 Bc5 8.
e3 d5 9. Bg2 Nc6 10. O-O O-O 11. cxd5 exd5 12. Nb3 Be7 13. Bd2 Bg4 14. Bc3 Rad8
15. h3 Bh5 16. g4 Bg6 17. Nfd4 Ne4 18. Nxc6 Qxc6 19. Bd4 b6 20. Rc1 Qd7 21. Qe2
Rc8 22. Nd2 Rxc1 23. Rxc1 Rc8 24. Qd1 Bh4 25. Nxe4 dxe4 26. Bc3 Qe6 27. Qa4 Rc5
28. Qxa7 h5 29. Qb8+ Kh7 30. Qf8 Bf6 31. Rd1 Rc8 32. Qb4 Bxc3 33. bxc3 hxg4 34.
hxg4 Qxg4 35. Rd5 Rc6 36. Qd4 Rf6 37. Rd6 Rf5 38. Rd5 Rf6 39. Rd6 Rf5 40. Rd5
Rf6 41. Rd6 1/2-1/2

[Event "Lloyds Bank Masters 16th"]
[Site "London"]
[Date "1992.08.31"]
[Round "10"]
[White "Arkell, Keith C"]
[Black "Dunnington, Angus J"]
[Result "1-0"]
[WhiteElo "2460"]
[BlackElo "2355"]
[PlyCount "95"]
[EventDate "1992.08.22"]
[EventType "swiss"]
[EventRounds "10"]
[EventCountry "ENG"]
[SourceTitle "BritBase"]
[Source "John Saunders"]
[SourceDate "2023.12.16"]
[SourceVersion "1"]
[SourceVersionDate "2023.12.16"]
[SourceQuality "1"]

1. d4 d6 2. g3 e5 3. dxe5 dxe5 4. Qxd8+ Kxd8 5. Nc3 f6 6. f4 Bd6 7. Nf3 Nc6 8.
Bd2 Nge7 9. O-O-O h6 10. Bg2 Be6 11. Be3 Ke8 12. fxe5 fxe5 13. Ne4 Rd8 14. Nc5
Bc8 15. Rd2 Na5 16. b3 b6 17. Ne4 Nf5 18. Bf2 Bb7 19. Nxd6+ cxd6 20. g4 Ne7 21.
Rhd1 Rf8 22. Bg3 e4 23. Ne1 e3 24. Rxd6 Rxd6 25. Rxd6 Rf2 26. Bxf2 exf2 27. Nf3
Nd5 28. Kd2 Ke7 29. Rxd5 Bxd5 30. Ke3 Nc6 31. a3 Kd6 32. Kxf2 Bxf3 33. Bxf3 Nd4
34. Be4 Ke5 35. Ke3 g5 36. Bg6 Ne6 37. c3 Nc5 38. b4 Ne6 39. Be4 Nf4 40. Bf3
Ne6 41. Kd3 Nc7 42. Kc4 Kd6 43. a4 Ke5 44. e3 Kd6 45. Kd4 Ne8 46. e4 Nc7 47.
e5+ Kd7 48. Bd5 1-0

[Event "Lloyds Bank Masters 16th"]
[Site "London"]
[Date "1992.08.31"]
[Round "10"]
[White "Gallagher, Joseph G"]
[Black "Gurevich, Ilya"]
[Result "1-0"]
[WhiteElo "2510"]
[BlackElo "2510"]
[PlyCount "79"]
[EventDate "1992.08.22"]
[EventType "swiss"]
[EventRounds "10"]
[EventCountry "ENG"]
[SourceTitle "BritBase"]
[Source "John Saunders"]
[SourceDate "2023.12.16"]
[SourceVersion "1"]
[SourceVersionDate "2023.12.16"]
[SourceQuality "1"]

1. e4 c5 2. Nf3 e6 3. d4 cxd4 4. Nxd4 a6 5. Bd3 Qc7 6. O-O Nf6 7. Qe2 d6 8. c4
g6 9. Nc3 Bg7 10. Rd1 O-O 11. Bc2 Nbd7 12. Nf3 Ng4 13. Bf4 Nge5 14. Bb3 b6 15.
Nxe5 Nxe5 16. Bg3 Bb7 17. Rac1 Rad8 18. f3 Kh8 19. Bf2 f5 20. Bd4 fxe4 21. Nxe4
Rf4 22. Be3 Rf5 23. c5 bxc5 24. Bxe6 Rff8 25. Bd5 Bxd5 26. Rxd5 Nc6 27. Qd2 Qb8
28. Rxd6 Be5 29. Bxc5 Bxd6 30. Bxd6 Qa7+ 31. Kh1 Ne7 32. Qc3+ Kg8 33. Qb3+ Kg7
34. Rc7 Qd4 35. Qc3 Qxc3 36. Rxe7+ Rf7 37. Rxf7+ Kxf7 38. bxc3 Rd7 39. Kg1 Rb7
40. Bb4 1-0

[Event "Lloyds Bank Masters 16th"]
[Site "London"]
[Date "1992.08.31"]
[Round "10"]
[White "Hebden, Mark L"]
[Black "Timoscenko, Gennadij A"]
[Result "0-1"]
[WhiteElo "2510"]
[BlackElo "2515"]
[PlyCount "72"]
[EventDate "1992.08.22"]
[EventType "swiss"]
[EventRounds "10"]
[EventCountry "ENG"]
[SourceTitle "BritBase"]
[Source "John Saunders"]
[SourceDate "2023.12.16"]
[SourceVersion "1"]
[SourceVersionDate "2023.12.16"]
[SourceQuality "1"]

1. d4 Nf6 2. Nf3 g6 3. Nc3 d5 4. Bf4 Bg7 5. e3 O-O 6. Be2 c6 7. Qd2 Bg4 8. h3
Bxf3 9. Bxf3 Nbd7 10. Rd1 Qe8 11. O-O e5 12. Bh2 Qe7 13. Rfe1 Rfe8 14. Nb1 Bh6
15. Qa5 Qd8 16. Qc3 exd4 17. exd4 Qb6 18. b3 Bf8 19. Qd2 a5 20. Qd3 a4 21. Nd2
axb3 22. axb3 Qa5 23. Rxe8 Rxe8 24. Bf4 Bg7 25. g4 Nf8 26. g5 Ne6 27. Be3 Nd7
28. Bg2 Bxd4 29. Bxd4 Nf4 30. Qf3 Ne2+ 31. Kf1 Nxd4 32. Qg4 Nf5 33. c4 Qc3 34.
cxd5 cxd5 35. Bxd5 Qd3+ 36. Kg1 Qxd5 0-1

[Event "Lloyds Bank Masters 16th"]
[Site "London"]
[Date "1992.08.31"]
[Round "10"]
[White "Hon, Andrew HL"]
[Black "Barua, Dibyendu"]
[Result "0-1"]
[WhiteElo "2215"]
[BlackElo "2550"]
[PlyCount "74"]
[EventDate "1992.08.22"]
[EventType "swiss"]
[EventRounds "10"]
[EventCountry "ENG"]
[SourceTitle "BritBase"]
[Source "John Saunders"]
[SourceDate "2023.12.16"]
[SourceVersion "1"]
[SourceVersionDate "2023.12.16"]
[SourceQuality "1"]

1. e4 e5 2. Nc3 Nc6 3. f4 exf4 4. d4 Qh4+ 5. Ke2 b6 6. Nb5 Ba6 7. a4 Qh5+ 8.
Nf3 g5 9. Kf2 Bxb5 10. axb5 Nxd4 11. Be2 Nxf3 12. Bxf3 Bc5+ 13. Kf1 Qh4 14. Qe2
Ne7 15. Bd2 Rg8 16. Be1 Qh6 17. Bd2 Kf8 18. b4 Bd4 19. c3 Be5 20. Bg4 Qf6 21.
Qc4 Rd8 22. Rxa7 d5 23. Qd3 Qg6 24. Bf5 Qh5 25. Be1 Kg7 26. Qc2 Nxf5 27. exf5
Rge8 28. h3 Rd7 29. Ra1 Bf6 30. Bf2 Rde7 31. Re1 Re4 32. Qd3 Rxe1+ 33. Bxe1 Re3
34. Qc2 Kg8 35. Rg1 f3 36. Bf2 Rxc3 37. Qd2 Ra3 0-1

[Event "Lloyds Bank Masters 16th"]
[Site "London"]
[Date "1992.08.31"]
[Round "10"]
[White "Lalic, Susan Kathryn"]
[Black "Hodgson, Julian M"]
[Result "0-1"]
[WhiteElo "2335"]
[BlackElo "2535"]
[PlyCount "80"]
[EventDate "1992.08.22"]
[EventType "swiss"]
[EventRounds "10"]
[EventCountry "ENG"]
[SourceTitle "BritBase"]
[Source "John Saunders"]
[SourceDate "2023.12.16"]
[SourceVersion "1"]
[SourceVersionDate "2023.12.16"]
[SourceQuality "1"]

1. e4 c5 2. c3 d6 3. d4 Nf6 4. Bd3 cxd4 5. cxd4 g6 6. Nc3 Bg7 7. Nge2 O-O 8.
O-O Nc6 9. d5 Ne5 10. Bc2 Bd7 11. b3 b5 12. Nd4 Qb6 13. Nce2 e6 14. dxe6 fxe6
15. h3 Nf7 16. Be3 Qb7 17. Ng3 d5 18. exd5 Nxd5 19. Be4 Rad8 20. Qe2 Nd6 21.
Bxd5 Qxd5 22. Rad1 Qb7 23. Bg5 Rde8 24. Rfe1 e5 25. Nc2 Nf5 26. Ne4 Nd4 27. Qd3
Bf5 28. f3 Ne6 29. Bc1 Rd8 30. Qe3 Nf4 31. Ba3 Qc8 32. Qc5 Bxe4 33. fxe4 Qxc5+
34. Bxc5 Rxd1 35. Rxd1 Rc8 36. b4 Ne2+ 37. Kh2 Nc3 38. Re1 Na4 39. Ne3 Nxc5 40.
Rc1 Bh6 0-1

[Event "Lloyds Bank Masters 16th"]
[Site "London"]
[Date "1992.08.31"]
[Round "10"]
[White "Rogers, Ian"]
[Black "Sadler, Matthew D"]
[Result "0-1"]
[WhiteElo "2565"]
[BlackElo "2515"]
[PlyCount "73"]
[EventDate "1992.08.22"]
[EventType "swiss"]
[EventRounds "10"]
[EventCountry "ENG"]
[SourceTitle "BritBase"]
[Source "John Saunders"]
[SourceDate "2023.12.16"]
[SourceVersion "1"]
[SourceVersionDate "2023.12.16"]
[SourceQuality "1"]

1. e4 c5 2. c3 d6 3. d4 Nf6 4. f3 d5 5. e5 Nfd7 6. f4 cxd4 7. cxd4 Nb6 8. Nc3
Nc6 9. b3 Bf5 10. Ba3 Nd7 11. Qd2 Qa5 12. Nb5 Qb6 13. Nf3 Bg4 14. Rd1 a6 15.
Nc3 Qa5 16. Bb2 Bxf3 17. gxf3 g6 18. e6 fxe6 19. Bh3 Bg7 20. Qe3 Qb4 21. Bxe6
Bxd4 22. Rxd4 Qxd4 23. Qe2 Nc5 24. Nxd5 Nd3+ 25. Kf1 Nxb2 26. Kg2 Nd3 27. Kg3
Rd8 28. Nc7+ Kf8 29. Qd2 Qd6 30. Qc3 Qxf4+ 31. Kg2 Qe5 32. Qxe5 Ndxe5 33. f4
Nd3 34. Kg3 Kg7 35. Bc4 Nc5 36. Rc1 Rd7 37. Nd5 0-1

[Event "Lloyds Bank Masters 16th"]
[Site "London"]
[Date "1992.08.31"]
[Round "10"]
[White "Saunders, John C"]
[Black "Reilly, Tim"]
[Result "1/2-1/2"]
[WhiteElo "2160"]
[BlackElo "2310"]
[PlyCount "49"]
[EventDate "1992.08.22"]
[EventType "swiss"]
[EventRounds "10"]
[EventCountry "ENG"]
[SourceTitle "John Saunders"]
[Source "BritBase"]
[SourceDate "2021.01.09"]
[SourceVersion "1"]
[SourceVersionDate "2021.01.09"]
[SourceQuality "1"]

1. e4 d6 2. d4 Nf6 3. Nd2 g6 4. Ngf3 Bg7 5. Be2 O-O 6. c3 b6 7. O-O Bb7 8. e5
Ne4 9. Nxe4 Bxe4 10. Ng5 Bb7 11. f4 e6 12. Bf3 Bxf3 13. Qxf3 d5 14. Qh3 h6 15.
Nf3 h5 16. g4 hxg4 17. Qxg4 Nc6 18. h4 Ne7 19. Rf2 f5 20. Qh3 Qd7 21. h5 Kf7
22. hxg6+ Ke8 23. Qh7 Rg8 24. Ng5 Kd8 25. Rg2 {(2.10-2.38)} 1/2-1/2

[Event "Lloyds Bank Masters 16th"]
[Site "London"]
[Date "1992.08.31"]
[Round "10"]
[White "Van Wely, Loek"]
[Black "Crouch, Colin S"]
[Result "1-0"]
[WhiteElo "2525"]
[BlackElo "2425"]
[PlyCount "59"]
[EventDate "1992.08.22"]
[EventType "swiss"]
[EventRounds "10"]
[EventCountry "ENG"]
[SourceTitle "BritBase"]
[Source "John Saunders"]
[SourceDate "2023.12.16"]
[SourceVersion "1"]
[SourceVersionDate "2023.12.16"]
[SourceQuality "1"]

1. d4 d5 2. c4 e6 3. Nc3 Nf6 4. cxd5 exd5 5. Bg5 Be7 6. e3 c6 7. Bd3 Nbd7 8.
Nf3 Nh5 9. Bxe7 Qxe7 10. O-O O-O 11. Rb1 f5 12. b4 g5 13. b5 g4 14. Nd2 Rf6 15.
bxc6 bxc6 16. Qc2 Nf8 17. Rb3 f4 18. e4 Rh6 19. g3 Qg5 20. Rfb1 fxg3 21. hxg3
Nf4 22. gxf4 Qh5 23. Kf1 g3 24. fxg3 Ne6 25. Ne2 c5 26. Ke1 Qh1+ 27. Nf1 Rh2
28. Rb8 Nxd4 29. Nxd4 Rxc2 30. Nxc2 1-0

[Event "Lloyds Bank Masters 16th"]
[Site "London"]
[Date "1992.08.31"]
[Round "10"]
[White "Watson, William Nicholas"]
[Black "Murshed, Niaz"]
[Result "1-0"]
[WhiteElo "2555"]
[BlackElo "2505"]
[PlyCount "73"]
[EventDate "1992.08.22"]
[EventType "swiss"]
[EventRounds "10"]
[EventCountry "ENG"]
[SourceTitle "BritBase"]
[Source "John Saunders"]
[SourceDate "2023.12.16"]
[SourceVersion "1"]
[SourceVersionDate "2023.12.16"]
[SourceQuality "1"]

1. e4 e5 2. Nc3 Nc6 3. Bc4 Bc5 4. Qg4 g6 5. Qf3 Nf6 6. Nge2 d6 7. d3 Bg4 8. Qg3
Be6 9. Bg5 Nh5 10. Qh4 Qd7 11. Ng3 Nf4 12. Bxf4 exf4 13. Qxf4 Bxc4 14. dxc4
O-O-O 15. O-O-O Bd4 16. Nge2 Bg7 17. c5 Qe6 18. cxd6 cxd6 19. Kb1 Kb8 20. Rd5
Nb4 21. Rb5 Nc6 22. Rd1 Be5 23. Qe3 g5 24. Nd5 h6 25. Nb4 Ka8 26. Rd3 Qc4 27.
Nxc6 Qxc6 28. Ra3 a6 29. Rb6 Qc4 30. Rd3 Rhe8 31. b3 Qc7 32. Nc3 f5 33. Nd5 Qf7
34. Qf3 Bg7 35. Rb4 Qg6 36. Nc7+ Kb8 37. e5 1-0

[Event "Lloyds Bank Masters 16th"]
[Site "London"]
[Date "1992.08.31"]
[Round "10"]
[White "Thurlow, Kevin J"]
[Black "Stirling, William J"]
[Result "0-1"]
[WhiteElo "2095"]
[BlackElo "2245"]
[PlyCount "58"]
[EventDate "1992.08.22"]
[EventType "swiss"]
[EventRounds "10"]
[EventCountry "ENG"]
[SourceTitle "Thurlow, Kevin"]

1. c4 Nf6 2. Nc3 g6 3. d4 Bg7 4. g3 d6 5. Bg2 O-O 6. e3 e5 7. Nge2 Nbd7 8. O-O
Rb8 9. b3 a6 10. a4 Qe7 11. Ba3 Re8 12. Qc2 e4 13. c5 dxc5 14. dxc5 Nxc5 15.
Nd5 Nxd5 16. Bxc5 Qe6 17. Nd4 Qe5 18. Rac1 Bd7 19. Ne2 Rbc8 20. Rfd1 Bg4 21.
Rd2 Bxe2 22. Rxe2 Nc3 23. Bd4 Nxe2+ 24. Qxe2 Qe6 25. Bxg7 Kxg7 26. Rc4 b5 27.
axb5 axb5 28. Rb4 c6 29. Bxe4 c5 0-1

[Event "Lloyds Bank Masters 16th"]
[Site "London"]
[Date "1992.08.31"]
[Round "10"]
[White "Howell, James C"]
[Black "Chandler, Murray G"]
[Result "1-0"]
[WhiteElo "2465"]
[BlackElo "2575"]
[PlyCount "63"]
[EventDate "1992.08.22"]
[EventType "swiss"]
[EventRounds "10"]
[EventCountry "ENG"]
[SourceTitle "ChessBase 2017"]
[Source "ChessBase"]
[SourceDate "1990.06.01"]
[SourceVersion "1"]
[SourceVersionDate "1990.06.01"]
[SourceQuality "1"]

1. e4 c5 2. Nf3 e6 3. d4 cxd4 4. Nxd4 Nf6 5. Nc3 Nc6 6. Nxc6 bxc6 7. e5 Nd5 8.
Ne4 Qc7 9. f4 Qb6 10. c4 Bb4+ 11. Ke2 f5 12. Nf2 Ba6 13. Kf3 Ne7 14. Be3 Bc5
15. Bxc5 Qxc5 16. Qd6 Qb6 17. b3 c5 18. Kg3 g5 19. fxg5 h6 20. h4 hxg5 21. hxg5
Rxh1 22. Nxh1 Ng6 23. Nf2 Qa5 24. Be2 Qc3+ 25. Nd3 Qxa1 26. Bh5 Kd8 27. Bxg6
Qd4 28. Bh5 Qe3+ 29. Kh4 Bb7 30. g6 Rc8 31. g7 Qe4+ 32. g4 1-0